í Organizar! -Women in Nicaragua
Victoria Schultz recoge en este artículo las experiencias revolucionarias de la mujer nicaragüense. El trabajo se refiere, específicamente, a los casos de mujeres que lucharon con el Frente Sandinista de Liberación Nacional -FSLN- y al movimiento que ellas generaron. Señala que gran parte del triunf...
Guardat en:
| Format: | Text |
|---|---|
| Matèries: | |
| Etiquetes: |
Afegir etiqueta
Sense etiquetes, Sigues el primer a etiquetar aquest registre!
|
MARC
| LEADER | 00000 a a2200000 04500 | ||
|---|---|---|---|
| 001 | 9812 | ||
| 003 | |||
| 040 | |||
| 245 | |a í Organizar! -Women in Nicaragua | ||
| 520 | |a Victoria Schultz recoge en este artículo las experiencias revolucionarias de la mujer nicaragüense. El trabajo se refiere, específicamente, a los casos de mujeres que lucharon con el Frente Sandinista de Liberación Nacional -FSLN- y al movimiento que ellas generaron. Señala que gran parte del triunfo de la Revolución Sandinista se debe a la participación decidida y valiente de las mujeres. Además, en la etapa actual de reconstrucción de la economía nacional las mujeres se han organizado para enfrentar los problemas y buscarles soluciones. El articulo se refiere a la manera en que ellas se unen para trabajar y cooperar en el proceso. Asimismo, explica la forma en que funciona la AMPRONAC -asociación de mujeres- y omo rabaja al lado del FSLN. ABB/mb | ||
| 650 | |a MUJERES | ||
| 650 | |a REVOLUCION | ||
| 650 | |a ORGANIZACIONES FEMENINAS | ||
| 650 | |a LIDERAZGO | ||
| 650 | |a PAPELES SOCIALES | ||
| 773 | |g volumen 14, número 2; páginas 36-39 | ||
| 999 | |c 34139 |d 34139 | ||
